Wicemistrzowie Świata w Piłce Nożnej - Statystyki

Ogólne statystyki
  • Ten quiz został rozwiązany 29 razy
  • Średni wynik to 11 z 22
Statystyki odpowiedzi
Rok Wicemistrz % Poprawnych
2022 Francja
89%
2018 Chorwacja
79%
2014 Argentyna
75%
2006 Francja
75%
2010 Holandia
75%
2002 Niemcy
71%
1998 Brazylia
64%
1930 Argentyna
57%
1990 Argentyna
50%
1994 Włochy
50%
1966 RFN
43%
1986 RFN
43%
1970 Włochy
43%
1974 Holandia
39%
1978 Holandia
39%
1982 RFN
39%
1950 Brazylia
36%
1958 Szwecja
29%
1954 Węgry
29%
1938 Węgry
25%
1934 Czechosłowacja
21%
1962 Czechosłowacja
21%
Nie znaleziono quizów pasujących do podanych kryteriów
Rozkład punktacji
Procent ludzi z każdym wynikiem
Percentyl według liczby udzielonych odpowiedzi
Twoja historia wyników
Nie rozwiązałeś tego quizu